[Event "Pohar mesta Ricany 2010 - cena Klidneho mesta"]
[Site "http://www.openricany.cz"]
[Date "2010.08.24"]
[Round "5.33"]
[White "Havelka, Petr"]
[Black "Jirousek, Filip"]
[Result "1/2-1/2"]
[WhiteElo "1923"]
[BlackElo "1787"]

1. d4 Nf6 2. c4 g6 3. Nc3 Bg7 4. e4 d6 5. Nf3 Nbd7 6. Be2 O-O 7. O-O e5 8. Bg5
exd4 9. Nxd4 h6 10. Bh4 g5 11. Bg3 Nc5 12. e5 Nfe4 13. exd6 Nxg3 14. hxg3 Qxd6
15. Ndb5 Qxd1 16. Raxd1 c6 1/2-1/2

[Event "Pohar mesta Ricany 2010 - cena Klidneho mesta"]
[Site "http://www.openricany.cz"]
[Date "2010.08.24"]
[Round "5.40"]
[White "Vorisek, Martin"]
[Black "Pech, Hynek"]
[Result "1/2-1/2"]
[WhiteElo "1899"]
[BlackElo "1800"]

1. e4 e5 2. Nf3 Nc6 3. Bc4 Bc5 4. c3 Nf6 5. d4 exd4 6. cxd4 Bb4+ 7. Nc3 Nxe4
8. O-O Bxc3 9. d5 Ne5 10. bxc3 Nxc4 11. Qd4 O-O 12. Qxe4 Nd6 13. Qd3 Qf6 14. Ba3
b6 15. Rfe1 Bb7 1/2-1/2

[Event "Pohar mesta Ricany 2010 - cena Klidneho mesta"]
[Site "http://www.openricany.cz"]
[Date "2010.08.24"]
[Round "5.44"]
[White "Hadrava, Jaroslav"]
[Black "Nepustil, Frantisek"]
[Result "1/2-1/2"]
[WhiteElo "1908"]
[BlackElo "1952"]

1. e4 c5 2. Nf3 Nc6 3. d4 cxd4 4. Nxd4 g6 5. Nc3 Bg7 6. Be3 Nf6 7. Be2 d6
8. O-O O-O 9. Nxc6 bxc6 10. f4 Qc7 11. Bf3 Ba6 12. Rf2 Rab8 13. Rb1 Nd7 14. Na4
Bb5 15. Nc3 Ba6 16. Na4 Bb5 17. Nc3 1/2-1/2

[Event "Pohar mesta Ricany 2010 - cena Klidneho mesta"]
[Site "http://www.openricany.cz"]
[Date "2010.08.24"]
[Round "5.17"]
[White "Pospisil, Evzen"]
[Black "Fiala, Jan"]
[Result "1/2-1/2"]
[WhiteElo "2161"]
[BlackElo "1984"]

1. d4 d5 2. Bf4 Nf6 3. Nf3 Bg4 4. Ne5 Bf5 5. c4 e6 6. Nc3 c6 7. Qb3 Qc8 8. e3
Nbd7 9. Be2 Be7 10. O-O O-O 1/2-1/2

[Event "Pohar mesta Ricany 2010 - cena Klidneho mesta"]
[Site "http://www.openricany.cz"]
[Date "2010.08.24"]
[Round "5.35"]
[White "Agacinski, Tadeusz"]
[Black "Soltys, Roman"]
[Result "1/2-1/2"]
[WhiteElo "2063"]
[BlackElo "1659"]

1. e4 e6 2. d4 d5 3. exd5 exd5 4. Bd3 Nf6 5. Nf3 Bd6 6. O-O O-O 7. Re1 Bg4
8. Nbd2 Nbd7 9. h3 Bh5 10. g4 Bg6 11. Bxg6 hxg6 12. Ne5 Re8 13. Ndf3 Ne4
14. Nxd7 Qxd7 15. Be3 1/2-1/2

[Event "Pohar mesta Ricany 2010 - cena Klidneho mesta"]
[Site "http://www.openricany.cz"]
[Date "2010.08.24"]
[Round "5.2"]
[White "Haba, Zdenek"]
[Black "Vojta, Tomas"]
[Result "1/2-1/2"]
[WhiteElo "2252"]
[BlackElo "2380"]

1. d4 d5 2. c4 Nc6 3. cxd5 Qxd5 4. e3 e5 5. Nc3 Bb4 6. Bd2 Bxc3 7. Bxc3 exd4
8. Ne2 Nf6 9. Nxd4 O-O 10. Nb5 Qg5 11. h4 Qh6 12. Qf3 Bg4 13. Qg3 Bf5 14. Qg5
Qxg5 15. hxg5 Nd5 16. Bc4 Nxc3 17. Nxc3 Ne5 18. Be2 Rad8 19. e4 Be6 20. Rd1
Rxd1+ 1/2-1/2

[Event "Pohar mesta Ricany 2010 - cena Klidneho mesta"]
[Site "http://www.openricany.cz"]
[Date "2010.08.24"]
[Round "5.15"]
[White "Macek, Kamil"]
[Black "Wasserbauer, Radek"]
[Result "1-0"]
[WhiteElo "1953"]
[BlackElo "2066"]

1. e4 e5 2. Nf3 d6 3. d4 Nd7 4. Bc4 c6 5. dxe5 dxe5 6. O-O Be7 7. Ng5 Nh6
8. Ne6 fxe6 9. Bxh6 gxh6 10. Qh5+ Kf8 11. Bxe6 1-0

[Event "Pohar mesta Ricany 2010 - cena Klidneho mesta"]
[Site "http://www.openricany.cz"]
[Date "2010.08.24"]
[Round "5.5"]
[White "Kohout, Vratislav"]
[Black "Mrna, Vladimir"]
[Result "1-0"]
[WhiteElo "2199"]
[BlackElo "2043"]

1. d4 Nf6 2. Bg5 e6 3. e3 c5 4. c3 b6 5. Nd2 Bb7 6. Ngf3 Be7 7. Bd3 d6 8. Qe2
Nbd7 9. e4 h6 10. Bf4 Qc7 11. O-O e5 12. Bg3 O-O 13. dxe5 dxe5 14. Nc4 Bd6
15. Rad1 Rfe8 16. Nxd6 Qxd6 17. Nh4 g6 18. Nxg6 Qe6 19. Nh4 Qxa2 20. Bc4 1-0

[Event "Pohar mesta Ricany 2010 - cena Klidneho mesta"]
[Site "http://www.openricany.cz"]
[Date "2010.08.24"]
[Round "5.28"]
[White "Prochazka, Petr"]
[Black "Hampel, Rudolf"]
[Result "1-0"]
[WhiteElo "1987"]
[BlackElo "1800"]

1. e4 c5 2. Nf3 e6 3. d4 cxd4 4. Nxd4 Nf6 5. Nc3 a6 6. Be2 Be7 7. e5 Nd5
8. Nxd5 exd5 9. Nf5 O-O 10. Nxe7+ Qxe7 11. Qxd5 Re8 12. f4 Nc6 13. O-O d6
14. Be3 dxe5 15. f5 Qf6 16. Qe4 b5 17. Rad1 Bb7 18. Rd7 Rab8 19. Bh5 Rf8 20. Qg4
Nd8 21. Bc5 Qc6 22. Bxf8 Kxf8 23. Rfd1 Qb6+ 24. Kh1 1-0

[Event "Pohar mesta Ricany 2010 - cena Klidneho mesta"]
[Site "http://www.openricany.cz"]
[Date "2010.08.24"]
[Round "5.16"]
[White "Umanec, Filip"]
[Black "Hrdina, Robin"]
[Result "0-1"]
[WhiteElo "2225"]
[BlackElo "1878"]

1. e4 d5 2. exd5 Nf6 3. d4 Nxd5 4. c4 Nb6 5. a4 a5 6. Nf3 Bg4 7. c5 Nd5 8. Bc4
c6 9. Qb3 Bxf3 10. Qxf3 e6 11. Be3 Be7 12. Nc3 Na6 13. O-O O-O 14. Rae1 Nab4
15. Qh3 b6 16. Nxd5 exd5 17. Bb3 bxc5 18. dxc5 Bf6 19. Bc1 Bd4 20. Bd2 Bxc5
21. Rc1 Bd4 22. Bxb4 axb4 23. Rxc6 Bxb2 24. Rd1 d4 25. Rd3 Qe8 26. Re6 fxe6
27. Bxe6+ Kh8 28. f4 Rxf4 0-1

[Event "Pohar mesta Ricany 2010 - cena Klidneho mesta"]
[Site "http://www.openricany.cz"]
[Date "2010.08.24"]
[Round "5.9"]
[White "Misicko, Jan"]
[Black "Balacek, Tadeas"]
[Result "0-1"]
[WhiteElo "2006"]
[BlackElo "2096"]

1. c4 g6 2. Nc3 Bg7 3. g3 e5 4. Bg2 d6 5. e4 Ne7 6. Nge2 Be6 7. d3 O-O 8. O-O
Nbc6 9. h3 Qd7 10. Kh2 f5 11. f4 Rae8 12. Rb1 h6 13. Be3 fxe4 14. Nxe4 Nf5
15. Bd2 b6 16. N4c3 Ncd4 17. b4 Nxe2 18. Nxe2 d5 19. c5 Qb5 20. Nc3 Qxd3 21. Rf3
Qa6 22. fxe5 Bxe5 23. b5 Qc8 24. cxb6 cxb6 25. Ne2 Nh4 26. Rxf8+ Rxf8 27. Bf4
Bxf4 28. Nxf4 Nxg2 29. Kxg2 g5 30. Rc1 Qd7 31. Qd3 Bf5 32. Qxd5+ Qxd5+ 33. Nxd5
Be4+ 34. Kg1 Bxd5 35. a4 Bb3 36. Ra1 Rd8 37. Ra3 Rd3 38. Kf2 Kf7 39. a5 Bc4
40. axb6 axb6 41. Ra7+ Kg6 42. Re7 Rd6 0-1

[Event "Pohar mesta Ricany 2010 - cena Klidneho mesta"]
[Site "http://www.openricany.cz"]
[Date "2010.08.24"]
[Round "5.34"]
[White "Plasil, Petr"]
[Black "Sochorová, Jana"]
[Result "0-1"]
[WhiteElo "1859"]
[BlackElo "1919"]

1. g3 f5 2. Bg2 Nf6 3. d3 e5 4. Nd2 c6 5. e3 d5 6. Ne2 Bb4 7. a3 Ba5 8. b4 Bc7
9. Nb3 O-O 10. O-O Qe7 11. a4 Bd6 12. c3 Be6 13. Nc5 Bf7 14. a5 Re8 15. Nb3 Na6
16. Qc2 Rad8 17. Bd2 h6 18. Rab1 Bh5 19. Rfe1 Rf8 20. d4 Nc7 21. dxe5 Bxe5
22. Nf4 g5 23. Nxh5 Nxh5 24. Nd4 Ng7 25. f4 Bd6 26. c4 dxc4 27. Qxc4+ Qf7
28. Qc2 Nge6 29. Nxf5 Qxf5 30. Be4 Qf7 31. Bg6 Qe7 32. f5 Ng7 33. Qc4+ Kh8
34. e4 Be5 35. Be3 Nb5 36. Rbd1 Rd7 37. Bc5 Bd6 38. e5 0-1

[Event "Pohar mesta Ricany 2010 - cena Klidneho mesta"]
[Site "http://www.openricany.cz"]
[Date "2010.08.24"]
[Round "5.1"]
[White "Kulhanek, Tomas"]
[Black "Vybiral, Zdenek"]
[Result "1-0"]
[WhiteElo "2411"]
[BlackElo "2232"]

1. e4 e6 2. d4 d5 3. e5 c5 4. c3 Nc6 5. Nf3 Qb6 6. a3 Nh6 7. b4 cxd4 8. cxd4
Nf5 9. Bb2 Bd7 10. g4 Nfe7 11. Nc3 Na5 12. Na4 Qc6 13. Nc5 Nc4 14. Qb3 b5 15. h3
h5 16. Bg2 Ng6 17. Bc1 a5 18. Rb1 hxg4 19. hxg4 Rxh1+ 20. Bxh1 axb4 21. axb4 Qc7
22. Ng5 Be7 23. Qh3 Bxc5 24. bxc5 Qa5+ 25. Kf1 Nd2+ 26. Bxd2 Qxd2 27. Qe3 Qa2
28. Qc1 Bc6 29. Bf3 Ra4 30. Be2 Rxd4 31. Ra1 Qd2 32. Qxd2 Rxd2 33. Nf3 Rc2
34. Nd4 Rxc5 35. Nxc6 Kd7 36. Nd4 Nxe5 37. Ra7+ Kd6 38. Nxb5+ Kc6 39. Nd4+ Kb6
40. Ra3 Kb7 41. Ra4 g5 42. Kg2 Ng6 1-0

[Event "Pohar mesta Ricany 2010 - cena Klidneho mesta"]
[Site "http://www.openricany.cz"]
[Date "2010.08.24"]
[Round "5.7"]
[White "Vojta, Pavel"]
[Black "Vavrinec, Tomas"]
[Result "1/2-1/2"]
[WhiteElo "2161"]
[BlackElo "2030"]

1. d4 e6 2. Nf3 Nf6 3. c4 c5 4. g3 d5 5. cxd5 exd5 6. Bg2 Nc6 7. O-O Be7 8. Nc3
O-O 9. dxc5 Bxc5 10. Bg5 Be6 11. Rc1 Be7 12. Nd4 Nxd4 13. Qxd4 Qa5 14. Rfd1 Rfd8
15. a3 Rac8 16. Bd2 Qa6 17. e3 Rc4 18. Qd3 d4 19. exd4 Rdxd4 20. Qb1 Rc8 21. Be3
Rxd1+ 22. Rxd1 Bb3 23. Rc1 Rd8 24. Ne4 Qe2 25. Nc3 Qa6 26. Re1 Ng4 27. Qe4 Be6
28. Qxb7 Qxb7 29. Bxb7 Nxe3 30. Rxe3 Rd2 31. Re2 Rxe2 32. Nxe2 Bf6 33. b4 Bc4
34. Nf4 Bb5 35. Nd5 Bb2 36. Bc6 Bc4 37. a4 Bxd5 38. Bxd5 Bc3 39. b5 Kf8 40. Kg2
Ke7 41. f4 f6 42. Kf3 f5 43. h3 h6 44. Bb3 Be1 45. g4 fxg4+ 46. hxg4 Bd2 47. Ke4
Kd6 48. Kf5 Kc5 49. Ke5 Bc1 50. Bd1 Bd2 51. f5 1/2-1/2

[Event "Pohar mesta Ricany 2010 - cena Klidneho mesta"]
[Site "http://www.openricany.cz"]
[Date "2010.08.24"]
[Round "5.36"]
[White "Minasjan, Garegin"]
[Black "Voracek, Zdenek"]
[Result "0-1"]
[WhiteElo "1841"]
[BlackElo "2056"]

1. e4 Nf6 2. Nc3 d5 3. exd5 Nxd5 4. Nxd5 Qxd5 5. Nf3 Bg4 6. Be2 c5 7. h3 Bf5
8. d4 e6 9. Be3 cxd4 10. Bxd4 Nc6 11. c3 O-O-O 12. O-O f6 13. Be3 Qe4 14. Qc1
Bd6 15. Nd4 Nxd4 16. cxd4+ Kb8 17. Bf3 Qc2 18. Qxc2 Bxc2 19. Rac1 Ba4 20. a3 Rc8
21. d5 e5 22. Bg4 Rxc1 23. Rxc1 a6 24. Bb6 g6 25. Be6 Re8 26. Rc3 e4 27. g4 Be5
28. Rc4 Bb5 29. Rxe4 Bxb2 30. Re3 Be5 31. Rf3 Be2 32. Re3 Bd1 33. Rd3 Bc2
34. Rf3 Bb2 35. Re3 Be5 36. Re2 Ba4 37. Rd2 Bb5 38. Rd1 Bc7 39. Bd4 Bd8 40. Rc1
b6 41. Rc3 Kb7 42. Kg2 Be7 43. Rf3 Rf8 44. Rc3 Bd6 45. Rf3 Bc4 46. Bxf6 Bxa3
47. Rc3 b5 48. Rxa3 Rxf6 49. Ra1 Kb6 50. Rd1 a5 51. Bg8 Kc5 52. Bxh7 Bxd5+
53. Kg1 a4 54. g5 Rd6 55. h4 a3 56. h5 gxh5 57. g6 a2 58. Ra1 b4 59. g7 b3
60. Rd1 Be6 61. Rc1+ Kb4 62. Re1 Bf7 63. Kh2 b2 64. Re4+ Kc3 65. Rf4 Be6 66. Re4
b1=Q 67. Re3+ Rd3 68. Bxd3 Qxd3 69. Rxe6 Qh7 70. Ra6 Qg8 71. Ra7 Kd4 72. Kh3
Qe6+ 73. Kh2 Ke4 74. Kg2 Qg8 75. f3+ Kf5 76. Kg3 a1=Q 0-1

[Event "Pohar mesta Ricany 2010 - cena Klidneho mesta"]
[Site "http://www.openricany.cz"]
[Date "2010.08.24"]
[Round "5.20"]
[White "Pospisil, Martin"]
[Black "Janicek, Jindrich"]
[Result "1-0"]
[WhiteElo "1931"]
[BlackElo "2063"]

1. d4 Nf6 2. Nf3 g6 3. Nc3 d5 4. Bf4 Bg7 5. Qd2 h6 6. Ne5 c6 7. f3 Be6 8. O-O-O
Nbd7 9. e4 g5 10. Nxd7 Nxd7 11. exd5 cxd5 12. Bg3 Qa5 13. Kb1 Rc8 14. Be2 a6
15. h4 Nb6 16. hxg5 hxg5 17. Rxh8+ Bxh8 18. Qxg5 Bf6 19. Qe3 Nc4 20. Bxc4 Rxc4
21. Be5 Kd7 22. Bxf6 exf6 23. g4 Qb4 24. Qd3 b5 25. Ne2 Qd6 26. Qd2 Qh2 27. Nf4
Qg3 28. Rf1 Rc8 29. Nd3 Qd6 30. Qf4 Qxf4 31. Nxf4 Rh8 32. b3 Rh2 33. Kc1 Kd6
34. b4 Bd7 35. Nd3 Rh3 36. Nc5 Bc8 37. Rf2 Rh1+ 38. Kb2 Rh3 39. c3 Rh1 40. Kc2
Rh3 41. Kd2 Rh1 42. Ke3 Rc1 43. Kd2 Ra1 44. Kd3 Rh1 45. Rg2 Rf1 46. Ke2 Rc1
47. Kd3 Rf1 48. Rg3 Rf2 49. a3 Rh2 50. f4 Rf2 51. f5 Rh2 52. Re3 Bd7 53. Rg3 Bc8
54. Ke3 Rc2 55. Kf4 Rf2+ 56. Rf3 Ra2 57. Re3 Bd7 58. Nxa6 Rxa3 59. Nc5 Ra1
60. Nb7+ Kc6 61. Nd8+ Kc7 62. Nxf7 Rf1+ 63. Rf3 Rh1 64. Ne5 Be8 65. Nd3 Rg1
66. Re3 Kd8 67. Nc5 Rf1+ 68. Kg3 Rg1+ 69. Kf3 Rh1 70. Nb7+ Kd7 71. Nc5+ Kd8
72. Re6 Rh3+ 73. Kf4 1-0

[Event "Pohar mesta Ricany 2010 - cena Klidneho mesta"]
[Site "http://www.openricany.cz"]
[Date "2010.08.24"]
[Round "5.45"]
[White "Cerny, Michal"]
[Black "Losan Rudolf"]
[Result "1-0"]
[WhiteElo "1947"]
[BlackElo "1780"]

1. e4 e5 2. Nf3 Nc6 3. d4 exd4 4. Nxd4 Bc5 5. Be3 Nxd4 6. Bxd4 Bxd4 7. Qxd4 Qg5
8. Nc3 c5 9. Qd2 Qxd2+ 10. Kxd2 d6 11. Rd1 a6 12. Kc1 Ke7 13. Nd5+ Kd8 14. Nb6
Rb8 15. Nxc8 Kxc8 16. Rxd6 Kc7 17. Rd5 Kc6 18. f3 f6 19. Be2 Ne7 20. Rd2 Rhd8
21. Rhd1 Kc7 22. Rxd8 Rxd8 23. Rxd8 Kxd8 24. Kd2 Kc7 25. Ke3 Nc6 26. c3 b5
27. f4 Kb6 28. g4 a5 29. g5 fxg5 30. fxg5 h6 31. gxh6 gxh6 32. Kf4 1-0

[Event "Pohar mesta Ricany 2010 - cena Klidneho mesta"]
[Site "http://www.openricany.cz"]
[Date "2010.08.24"]
[Round "5.23"]
[White "Adamik, Frantisek"]
[Black "Matejovsky, Ondrej"]
[Result "0-1"]
[WhiteElo "1898"]
[BlackElo "2037"]

1. c4 e5 2. Nc3 Bb4 3. e4 Nf6 4. f3 Nc6 5. Nge2 a6 6. a3 Bc5 7. b4 Ba7 8. Bb2
d6 9. g4 Bxg4 10. fxg4 Nxg4 11. Ng3 Bf2+ 12. Ke2 Nd4+ 13. Kd3 Qg5 14. Qa4+ c6
15. Nge2 Nf3 16. Rd1 Qxd2+ 0-1

[Event "Pohar mesta Ricany 2010 - cena Klidneho mesta"]
[Site "http://www.openricany.cz"]
[Date "2010.08.24"]
[Round "5.21"]
[White "Ruzicka, Vaclav jun."]
[Black "Vorackova, Jarmila"]
[Result "1-0"]
[WhiteElo "2057"]
[BlackElo "1932"]

1. d4 Nf6 2. c4 g6 3. Nc3 Bg7 4. e4 d6 5. f3 Nbd7 6. Be3 O-O 7. Qd2 Re8 8. Nge2
e5 9. g4 c6 10. h4 Nb6 11. Ng3 d5 12. dxe5 Nxe4 13. fxe4 Bxe5 14. Bf4 Bxg4
15. Bxe5 Bf3 16. Qf4 Rxe5 17. Qxe5 Bxh1 18. Nxh1 d4 19. O-O-O Qxh4 20. Qxd4 Qxh1
21. c5 h5 22. cxb6 axb6 23. Bc4 Qh2 24. Qf6 Qc7 25. Qxg6+ 1-0

[Event "Pohar mesta Ricany 2010 - cena Klidneho mesta"]
[Site "http://www.openricany.cz"]
[Date "2010.08.24"]
[Round "5.24"]
[White "Vesecky, Martin"]
[Black "Rydl, Jiri"]
[Result "1-0"]
[WhiteElo "2026"]
[BlackElo "1906"]

1. e4 e6 2. d4 d5 3. Nd2 Nf6 4. e5 Nfd7 5. f4 c5 6. Ndf3 Nc6 7. Ne2 Qb6 8. c3
cxd4 9. Nexd4 Nc5 10. Be2 Ne4 11. Qc2 f6 12. exf6 Nxf6 13. O-O Bc5 14. Rd1 Bd7
15. Kh1 Rc8 16. Be3 O-O 17. Bd3 Kh8 18. Qe2 Rce8 19. Re1 Ng4 20. Bxh7 Nxe3
21. Ng5 Be7 22. Qh5 Bxg5 23. fxg5 Ng4 24. Bg6+ Nh6 25. gxh6 Nxd4 26. cxd4 e5
27. hxg7+ Kxg7 28. Qh7+ Kf6 29. Bxe8 1-0

[Event "Pohar mesta Ricany 2010 - cena Klidneho mesta"]
[Site "http://www.openricany.cz"]
[Date "2010.08.24"]
[Round "5.14"]
[White "Hadzala, Daniel"]
[Black "Suchomel, Ales"]
[Result "1-0"]
[WhiteElo "2105"]
[BlackElo "1926"]

1. Nf3 Nf6 2. g3 g6 3. Bg2 Bg7 4. O-O O-O 5. c3 d5 6. d3 Nbd7 7. Nbd2 e5 8. Qc2
c6 9. e4 b6 10. Re1 Re8 11. b4 Bb7 12. Bb2 Qc7 13. Rad1 Rac8 14. c4 dxe4
15. dxe4 Nf8 16. c5 N6d7 17. Nc4 Rcd8 18. Nd6 Re7 19. Nxb7 Qxb7 20. cxb6 axb6
21. Bf1 Rc8 22. Bc4 c5 23. b5 Ne6 24. Bd5 Qc7 25. Bxe6 Rxe6 26. Qc4 Ree8 27. Rd5
Nf8 28. Red1 Kh8 29. Ng5 f6 30. Rd7 fxg5 31. Rxc7 Rxc7 32. Rd6 Rb7 33. Qd5 Rbb8
34. Bc3 h6 35. a4 Kh7 36. a5 bxa5 37. b6 a4 38. b7 a3 39. Qf7 a2 40. Rc6 Kh8
41. Rc7 Ne6 42. Bxe5 Rg8 43. Qxe6 Rbe8 44. Bxg7+ 1-0

[Event "Pohar mesta Ricany 2010 - cena Klidneho mesta"]
[Site "http://www.openricany.cz"]
[Date "2010.08.24"]
[Round "5.6"]
[White "Boucek, Vlastimil"]
[Black "Vanka, Miloslav"]
[Result "0-1"]
[WhiteElo "2038"]
[BlackElo "2189"]

1. e4 e5 2. d3 Nc6 3. c3 d5 4. Qe2 Be6 5. g3 Qd7 6. Nf3 f6 7. Bg2 O-O-O 8. O-O
g5 9. Ne1 dxe4 10. dxe4 h5 11. Nc2 h4 12. Ne3 hxg3 13. fxg3 Bc5 14. b4 Bb6
15. a4 a5 16. b5 Nb8 17. Kh1 Qh7 18. Bf3 Bxe3 19. Bxe3 Bc4 20. Qf2 Bxf1 21. Nd2
Bd3 22. Bg4+ Nd7 23. Bf5 Qh5 24. Re1 Nh6 25. Bxd7+ Rxd7 26. Qg2 Ng4 27. Bg1 Rdh7
28. Nf3 Qg6 0-1

[Event "Pohar mesta Ricany 2010 - cena Klidneho mesta"]
[Site "http://www.openricany.cz"]
[Date "2010.08.24"]
[Round "5.4"]
[White "Haman, Jakub"]
[Black "Rehorek, Martin"]
[Result "1-0"]
[WhiteElo "1968"]
[BlackElo "2280"]

1. e4 c5 2. Nf3 e6 3. d4 cxd4 4. Nxd4 Nf6 5. Nc3 d6 6. g4 h6 7. Rg1 Nc6 8. Be3
a6 9. h4 Nxd4 10. Qxd4 e5 11. Qd1 Qa5 12. f3 Be6 13. g5 hxg5 14. hxg5 Nd7
15. Qd2 Rc8 16. a3 b5 17. Kf2 Qc7 18. Bd3 Nb6 19. Rh1 Rxh1 20. Rxh1 d5 21. exd5
Bxd5 22. Nxd5 Nxd5 23. Bxb5+ axb5 24. Qxd5 Bd6 25. Qxb5+ Ke7 26. c3 Rb8 27. Qe2
Rb3 28. Kg2 Ke6 29. Rd1 f5 30. Bc1 Rb8 31. b4 f4 32. c4 Kf5 33. Qd3+ 1-0

[Event "Pohar mesta Ricany 2010 - cena Klidneho mesta"]
[Site "http://www.openricany.cz"]
[Date "2010.08.24"]
[Round "5.41"]
[White "Cap, Adam"]
[Black "Hlina, Milos"]
[Result "1-0"]
[WhiteElo "1693"]
[BlackElo "1892"]

1. e4 e6 2. d4 d5 3. Nd2 Nf6 4. e5 Nfd7 5. Bd3 c5 6. c3 Nc6 7. Ne2 Qb6 8. Nf3
Be7 9. O-O a5 10. Re1 Nf8 11. Rb1 Bd7 12. h4 h5 13. Be3 Rc8 14. a3 cxd4 15. cxd4
g6 16. Qd2 Qd8 17. Rec1 Nh7 18. Nf4 Nf8 19. Nh3 Nh7 20. Bh6 Bf8 21. b4 axb4
22. axb4 Qe7 23. Bxf8 Nxf8 24. b5 Na7 25. Qa5 Rxc1+ 26. Rxc1 Nc8 27. Qa8 b6
28. Rxc8+ Bxc8 29. Qxc8+ Qd8 30. Qc6+ Ke7 31. Nfg5 Rg8 32. Nf4 Rg7 33. Qb7+ Nd7
34. Qc6 Nf8 35. Bc2 Qb8 36. Nxd5+ exd5 37. Qf6+ Ke8 38. Qxg7 Qc7 39. e6 1-0

[Event "Pohar mesta Ricany 2010 - cena Klidneho mesta"]
[Site "http://www.openricany.cz"]
[Date "2010.08.24"]
[Round "5.42"]
[White "Forman, Miroslav"]
[Black "Hatas, Radim"]
[Result "1-0"]
[WhiteElo "1891"]
[BlackElo "1742"]

1. g4 e5 2. Nf3 Nf6 3. g5 Nd5 4. c4 Nb6 5. Nxe5 Qxg5 6. Nf3 Qa5 7. b3 d5 8. Bb2
dxc4 9. Rg1 f6 10. Qc2 Qf5 11. Qc3 Nc6 12. Rg3 Bd7 13. Nh4 Qc5 14. Re3+ Be7
15. Ba3 Qg5 16. Bxe7 Nxe7 17. Nf3 Nd5 18. Nxg5 Nxc3 19. Nxc3 fxg5 20. Nd5 O-O-O
21. Rxe7 cxb3 22. axb3 Kb8 23. Rc1 c6 24. Ne3 g6 25. Bg2 Bc8 26. Rc5 Rd4
27. Rxg5 Rb4 28. Kd1 Rxb3 29. Kc2 Ra3 30. Kb2 Ra4 31. Rge5 Rd8 32. d3 Rf4
33. Bf3 h5 34. Ng2 Rff8 35. Rg7 Bh3 36. Ree7 Rxf3 37. Rxb7+ Ka8 38. Rxa7+ Kb8
39. Rab7+ Ka8 40. exf3 Bxg2 41. Rbf7 Bf1 42. d4 Bc4 43. Rf6 Bd5 44. f4 Re8
45. Kc3 Kb8 46. Kb4 Kc8 47. Kc5 Be4 48. Rff7 Kb8 49. Re7 Rxe7 50. Rxe7 Bd5
51. Kb6 Kc8 52. Kc5 Kd8 53. Kd6 Bf3 54. Rg7 Bd5 55. Rxg6 Ke8 56. Rg7 Kf8 57. Rc7
1-0

[Event "Pohar mesta Ricany 2010 - cena Klidneho mesta"]
[Site "http://www.openricany.cz"]
[Date "2010.08.24"]
[Round "5.19"]
[White "Postupa, Pavel sen."]
[Black "Kaiser, Rudolf"]
[Result "1-0"]
[WhiteElo "2072"]
[BlackElo "1941"]

1. e4 c5 2. Nf3 Nc6 3. Bb5 Nd4 4. Nxd4 cxd4 5. c3 Qb6 6. Qe2 Nf6 7. a4 e5 8. a5
Qc7 9. O-O Be7 10. d3 O-O 11. Bg5 h6 12. Bd2 d5 13. Rc1 Qc5 14. Ba4 Bg4 15. Qe1
dxe4 16. dxe4 d3 17. b4 Qd6 18. Na3 Rac8 19. Bb3 Rfd8 20. Nc4 Qb8 21. Ne3 Be6
22. Bxe6 fxe6 23. f3 Nh5 24. g3 Bg5 25. Nf1 Be7 26. c4 Qd6 27. Qe3 a6 28. Qb6
Qd7 29. Kg2 Rc6 30. Qe3 Bg5 31. Qf2 Bxd2 32. Nxd2 Qe7 33. b5 Rcd6 34. c5 Rd4
35. Rab1 Qc7 36. b6 Qc6 37. Rc4 Nf6 38. Rbc1 Qb5 39. c6 bxc6 40. Rc5 Qb4
41. Rxe5 Nd7 42. Rxe6 c5 43. Rb1 Qxa5 44. Rc6 Ne5 45. Nb3 Qb4 46. Qa2 Nxc6
47. Nxd4+ Kh7 48. Nxc6 Qc3 49. Nxd8 1-0

[Event "Pohar mesta Ricany 2010 - cena Klidneho mesta"]
[Site "http://www.openricany.cz"]
[Date "2010.08.24"]
[Round "5.26"]
[White "Framberk, Jan"]
[Black "Ruzicka, Vaclav st."]
[Result "1-0"]
[WhiteElo "2004"]
[BlackElo "1682"]

1. e4 e5 2. Nf3 Nf6 3. Bc4 d5 4. exd5 e4 5. Qe2 Qe7 6. Nd4 Qe5 7. Nb3 Nxd5
8. d4 Qf5 9. f3 Nf6 10. N1d2 Be6 11. Bxe6 Qxe6 12. Nxe4 Nxe4 13. Qxe4 Bd6
14. O-O Qxe4 15. fxe4 O-O 16. Bf4 Bxf4 17. Rxf4 b6 18. Raf1 Nc6 19. c3 a5
20. Nd2 h6 21. Nc4 b5 22. Ne3 Ne7 23. Ng4 f6 24. Ne3 c6 25. Nf5 Nxf5 26. Rxf5
Rfe8 27. e5 fxe5 28. Rxe5 Rxe5 29. dxe5 Re8 30. Re1 Kf7 31. Kf2 Ke6 32. Ke3 Rd8
33. c4 Kxe5 34. cxb5 cxb5 35. Rc1 Rd5 36. Rc6 Kf5 37. h3 h5 38. g3 b4 39. Rc4
Re5+ 40. Kf3 g5 41. g4+ hxg4+ 42. hxg4+ Kf6 43. Rc6+ Ke7 44. Ra6 Kf7 45. Ra8 Ke7
46. Ra6 Kf7 47. a3 bxa3 48. bxa3 Ke7 49. a4 Rc5 50. Ke4 Rc4+ 51. Kf5 Rxa4
52. Kxg5 Ra1 53. Kg6 a4 54. g5 a3 55. Kg7 a2 56. g6 Kd7 57. Kg8 Kc7 58. g7 Kb7
59. Ra3 Kc6 60. Rc3+ Kd6 61. Rc2 Ke7 62. Rf2 Ke8 63. Re2+ Kd7 64. Rh2 Ke7
65. Kh8 Rg1 66. Rxa2 Kf7 67. Rf2+ 1-0

[Event "Pohar mesta Ricany 2010 - cena Klidneho mesta"]
[Site "http://www.openricany.cz"]
[Date "2010.08.24"]
[Round "5.31"]
[White "Skalicky, Tomas"]
[Black "Feierfeil, Jiri"]
[Result "1-0"]
[WhiteElo "1809"]
[BlackElo "1932"]

1. e4 c5 2. c3 d5 3. exd5 Qxd5 4. d4 cxd4 5. cxd4 e6 6. Nc3 Bb4 7. Nf3 Nf6
8. a3 Bxc3+ 9. bxc3 O-O 10. Bd3 b6 11. O-O Ba6 12. Bg5 Bxd3 13. Qxd3 Nbd7 14. c4
Qe4 15. Qxe4 Nxe4 16. Rfe1 Nxg5 17. Nxg5 Nf6 18. a4 Rac8 19. Rac1 Rfd8 20. Red1
h6 21. Nf3 Rc7 22. Rd3 Rdc8 23. Rdc3 Ne4 24. R3c2 f6 25. Kf1 Kf7 26. Ke2 g5
27. Nd2 Nd6 28. f3 Nf5 29. Nb3 h5 30. g3 Rd8 31. Rd2 Rcd7 32. Rcd1 Nd6 33. Rc1
Nf5 34. Rcd1 Rc8 35. Rc1 Rdc7 36. Rdc2 a6 37. g4 hxg4 38. fxg4 Nh4 39. c5 b5
40. Nd2 Ng6 41. Ne4 Nf4+ 42. Kf3 Rh8 43. Rg1 Nd5 44. Nd6+ Ke7 45. axb5 axb5
46. Ke4 b4 47. Rg3 Ra8 48. Rh3 Kd7 49. Nb5 Rc6 50. Rh7+ Ne7 51. Rb2 Ra4 52. Kd3
e5 53. Kc4 Ke6 54. Rxb4 Rxb4+ 55. Kxb4 Nd5+ 56. Ka5 e4 57. Na3 e3 58. Nc2 e2
59. Kb5 Rc8 60. Rh3 Rb8+ 61. Kc4 Rb4+ 62. Nxb4 e1=Q 63. Nxd5 Qf1+ 64. Rd3 Qe2
65. Nb6 Qxg4 66. Re3+ Kf7 67. c6 Qf4 68. Re7+ Kf8 69. c7 Qc1+ 70. Kd5 Qh1+
71. Re4 1-0